Plano jurisdiccional de Bilbao desde 1º de enero de 1925 [ (Record no. 185973)
[ view plain ]
| 000 -LEADER | |
|---|---|
| campo de control de longitud fija | 00973nem a2200169 i 4500 |
| 001 - NÚMERO DE CONTROL | |
| campo de control | 185973 |
| 003 - IDENTIFICADOR DE NÚMERO DE CONTROL | |
| campo de control | ES-MaACL |
| 005 - FECHA Y HORA DE LA ÚLTIMA TRANSACCIÓN | |
| campo de control | 20230906222545.0 |
| 008 - DATOS DE LONGITUD FIJA--INFORMACIÓN GENERAL | |
| campo de control de longitud fija | 160831s1925 sp | | | ||spa d |
| 130 0# - ENTRADA PRINCIPAL--TÍTULO UNIFORME | |
| Título uniforme | Bilbao (Vizcaya) (Término municipal). |
| Subencabezamiento de forma | Divisiones administrativas. |
| Fecha de publicación/de la obra | 1925. |
| 9 (RLIN) | 160650 |
| 245 10 - MENCIÓN DEL TÍTULO | |
| Título | Plano jurisdiccional de Bilbao desde 1º de enero de 1925 [ |
| Medio | Material cartográfico]. |
| 255 ## - DATOS MATEMÁTICOS CARTOGRÁFICOS | |
| Mención de escala | Escala 1:20.000. |
| 260 ## - PUBLICACIÓN, DISTRIBUCIÓN, ETC. | |
| Lugar de publicación, distribución, etc. | [S.l. : |
| Nombre del editor, distribuidor, etc. | s.n.], |
| Fecha de publicación, distribución, etc. | 1925 ( |
| Lugar de fabricación/manufactura | Bilbao : |
| Fabricante | Imp. Casa de Misericordia) |
| 300 ## - DESCRIPCIÓN FÍSICA | |
| Extensión | 1 plano : |
| Otras características físicas | col. ; |
| Dimensiones | 48 x 51 cm. pleg. en 24 x 17 cm. |
| 592 ## - | |
| -- | Orientado con flecha con el N. al SE. del plano. - Relieve por sombreado. - Red hidrográfica. - Divisiones jurisdiccionales diferenciadas por color. |
| 852 ## - LOCALIZACIÓN | |
| Ubicación | ES-MaACL |
| Número de control de estantería | 1680-F-24 (1) |
| Nota libre | .- Guardo en un sobre con otro mapa. En el sobre impreso: Excmo. Ayuntamiento de Bilbao. Contiene dos planos: 1. Plano jurisdiccional de la Villa. 2. Plano de la División en distritos. Enero de 1915 |
| Estatus retirado | Estado de pérdida | Estado de daño | No para préstamo | Colección | Biblioteca de origen | Biblioteca actual | Ubicación en estantería | Fecha de adquisición | Fuente de adquisición | Total de préstamos | Signatura topográfica completa | Código de barras | Visto por última vez | Precio de reemplazo | Tipo de ítem Koha |
|---|---|---|---|---|---|---|---|---|---|---|---|---|---|---|---|
| Colección de folletos | Biblioteca del Ateneo de Madrid | Biblioteca del Ateneo de Madrid | Depósito folletos | 31/08/2016 | 1680-F-24 (1) | 1196061 | 23/02/2023 | 23/02/2023 | Folleto |
